00641nam a2200181 i 4500001000700000003000900007005001700016008004100033080002100074100003900095245010300134260006200237300002100299502003700320650002600357710005300383852002300436189988ES-MaACL20230906223617.0200303s1970 sp |||| | spa d a331.116.3(043.2)1 aTovillas Zorzano, José Julián.13aEl convenio colectivo como vehículo de participación / cpor José Julián Tovillas Zorzano. aBarcelona : b[Universidad, Facultad de Derecho], c1970. a13 p. ; c24 cm. aTesis-Univ. Barcelona (Extracto) 4aConvenios colectivos.2 aUniversidad de Barcelona. bFacultad de Derecho. aES-MaACLjP-1414-8